000 00490pab a2200169 454500
008 180718b2007 xxu||||| |||| 00| 0 eng d
100 _aSharma, Rajeev
245 _aThe contingent effects of training, technical complexity, and task interdependence on successful information systems implementation
260 _c2007
300 _ap.219-38.
362 _aJun
650 _aInformation systems
700 _aYetton, Philip
773 _aMIS Quarterly
908 _aN
909 _a75242
999 _c75242
_d75242